| 000 | 00732cam a22002534a 4500 | ||
|---|---|---|---|
| 001 | 16888537 | ||
| 005 | 20180213041355.0 | ||
| 008 | 110725s2012 nyuab b 001 0deng | ||
| 010 | _a 2011029529 | ||
| 020 | _a9780393935516 (pbk.) | ||
| 040 |
_aDLC _cDLC _dDLC |
||
| 041 | _aeng | ||
| 042 | _apcc | ||
| 043 | _an-us--- | ||
| 080 | _a973 FON | ||
| 082 | 0 | 0 |
_a973 FON _223 |
| 100 | 1 | _a16 | |
| 101 | _aHIS | ||
| 245 | 1 | 0 |
_aGive me liberty! : _cEric Foner. |
| 504 | _aIncludes bibliographical references and index. | ||
| 906 |
_a7 _bcbc _corignew _d1 _eecip _f20 _gy-gencatlg |
||
| 942 |
_2ddc _cBK |
||
| 999 |
_c42360 _d42360 |
||